Los Peritos médicos y la justicia criminal / (Record no. 11235)

000 -CABECERA
fixed length control field 00970nam a22002057a 4500
003 - IDENTIFICADOR DEL NÚMERO DE CONTROL
control field AR-CdUCM
008 - DATOS DE LONGITUD FIJA--INFORMACIÓN GENERAL
fixed length control field 190403b ||||| |||| 00| 0 spa d
040 ## - FUENTE DE LA CATALOGACIÓN
Agencia/entidad que catalogó originalmente la obra MUNICIPALIDAD PROVINCIAL DEL CUSCO
Entidad que transcribió la catalogación BIBLIOTECA MUNICIPAL DEL CUSCO
082 ## - NÚMERO DE LA CLASIFICACIÓN DECIMAL DEWEY
No. de Clasificación 614.1 /
Notacion interna D92 / 1905
100 ## - ENTRADA PRINCIPAL--NOMBRE DE PERSONA
Nombre Personal Dorado, P.
245 ## - MENCIÓN DE TÍTULO
Título Los Peritos médicos y la justicia criminal /
260 ## - PUBLICACIÓN, DISTRIBUCIÓN, ETC.
Lugar de publicación, distribución, etc. Madrid :
Nombre de la editorial, distribuidor, etc. Hijos de Reus,
Fecha de publicación, distribución, etc. 1905.
300 ## - DESCRIPCIÓN FÍSICA
Nº de Páginas Extensión 291 páginas ;
Dimensiones 22 cm.
505 ## - NOTA DE CONTENIDO CON FORMATO
Nota de contenido formateada Contenido: Cuestiones preliminares -- La incompetencia parcial y modos de remediar -- Otros defectos del actual peritaje medico -- Errores judiciales, locos condenados por los tribunales -- Consecuencias del criterio penal dominante -- Las Raíces del problema -- Alarmas apuros y dificultades -- Cambio de orientación -- La intervención médica en el nuevo sistema ...
650 ## - PUNTO DE ACCESO ADICIONAL DE MATERIA--TÉRMINO DE MATERIA
Descriptor Medicina legal
9 (RLIN) 11041
650 ## - PUNTO DE ACCESO ADICIONAL DE MATERIA--TÉRMINO DE MATERIA
Descriptor Criminología
9 (RLIN) 7441
942 ## - ELEMENTOS DE PUNTO DE ACCESO ADICIONAL (KOHA)
Fuente de clasificación
Tipo de item Libros-BMC
945 ## - PROCESAMIENTO DE INFORMACIÓN LOCAL (OCLC)
Catalogador acv
Holdings
Estado de retiro (separado) Fuente de clasificación o esquema de estanterías Estado dañado Ubicación Sala donde se ubica Nombre de la colección Fecha de adquisición o compra Costo, precio normal en soles Signatura topográfica Código de Barras Última vez visto (Koha) Tipo de ítem (Koha)
No     Sala Cusco Antiguo Sala Cusco Antiguo Book Cart 2019-04-03 85.00 614.1 / D92 / 1905 SCA0001310 2019-04-03 Libros-BMC

Powered by Koha